[Event "Online Olym Div3 C 2020"]
[Site "chess.com INT"]
[Date "2020.07.09"]
[Round "8.5"]
[Board "3"]
[White "Cuvelier, Annelies"]
[Black "Caruana Pulpan, Oana"]
[Result "1/2-1/2"]
[BlackTitle "WFM"]
[WhiteElo "1896"]
[BlackElo "1901"]
[WhiteTeam "Belgium"]
[BlackTeam "Malta"]
[WhiteFideId "213950"]
[BlackFideId "5600502"]
[EventDate "2020.07.07"]
[EventType "team"]

1. e4 c5 2. Nf3 Nc6 3. d4 cxd4 4. Nxd4 Nf6 5. Nc3 g6 6. Be3 Bg7 7. Bc4 O-O 8.
Bb3 a5 9. f3 Nb4 10. a3 Nc6 11. Qd2 d6 12. Nxc6 bxc6 13. Bh6 Be6 14. h4 Bxb3 15.
cxb3 Qb6 16. g4 Qxb3 17. Bxg7 Kxg7 18. h5 Rab8 19. hxg6 fxg6 20. Rh2 Kg8 21. Qh6
Rf7 22. Rd1 Nd7 23. f4 Qb6 24. Ne2 Qxb2 25. f5 Ne5 26. fxg6 Nxg6 27. Qe3 Rbf8
28. Rh1 a4 29. Rd2 Qb3 30. Rd3 Qb1+ 31. Rd1 Qb3 32. Rd3 Qc2 33. Rd2 Qb3 34. Rd3 1/2-1/2

[Event "Online Olym Div3 C 2020"]
[Site "chess.com INT"]
[Date "2020.07.09"]
[Round "8.5"]
[Board "6"]
[White "Stagno, Milena"]
[Black "De Rycke, Tyani"]
[Result "1/2-1/2"]
[WhiteElo "1486"]
[BlackElo "1924"]
[WhiteTeam "Malta"]
[BlackTeam "Belgium"]
[WhiteFideId "5602289"]
[BlackFideId "247936"]
[EventDate "2020.07.07"]
[EventType "team"]

1. e4 c5 2. c3 d5 3. exd5 Qxd5 4. d4 Nc6 5. Nf3 Nf6 6. Be2 Bg4 7. O-O e6 8. Be3
cxd4 9. cxd4 Be7 10. Nc3 Qd7 11. Ne5 Nxe5 12. dxe5 Qxd1 13. Bxd1 Bxd1 14. exf6
Bxf6 15. Rfxd1 Ke7 16. Bc5+ Ke8 17. Nb5 Be5 18. Nd6+ Bxd6 19. Bxd6 f6 20. Ba3
Rd8 21. Rxd8+ Kxd8 22. Rd1+ Kc7 23. b3 e5 24. Kf1 Re8 25. Ke2 Re6 26. Bb2 Ra6
27. a3 Rb6 28. b4 a5 29. Bc3 Rc6 30. Rc1 axb4 31. axb4 Kd6 32. Rd1+ Ke6 33. Bd2
Rc4 34. Rc1 Re4+ 35. Kf3 Rd4 36. Be3 Rxb4 37. Rc7 e4+ 38. Kg3 g6 39. Rxh7 Rb3
40. Kf4 Rb4 41. f3 g5+ 42. Kg3 Rb3 43. Bc5 f5 44. Rh6+ Kd5 45. Be7 g4 46. Rd6+
Ke5 47. Rd2 gxf3 48. gxf3 Rxf3+ 49. Kg2 Rb3 50. Bd6+ Ke6 51. Bf4 b5 52. h4 b4
53. h5 Rf3 54. Bg3 f4 55. Be1 Re3 56. Bf2 f3+ 57. Kf1 Rb3 58. Rd1 e3 59. Re1 e2+
60. Kg1 Rd3 61. Bc5 b3 62. Ba3 Rd1 63. Kf2 Rxe1 64. Kxe1 Kf5 65. Bc1 Kf6 66. Kf2
Kf5 67. Ke1 Kf6 68. h6 Kg6 69. Kf2 Kh7 70. Ke1 b2 71. Bxb2 Kxh6 72. Kf2 Kg5 73.
Bc3 Kf4 74. Bd2+ Ke4 75. Kg3 Kd3 76. Be1 Ke3 77. Bf2+ 1/2-1/2

[Event "Online Olym Div3 C 2020"]
[Site "chess.com INT"]
[Date "2020.07.09"]
[Round "9.2"]
[Board "3"]
[White "A-ALI, Sali Abbas Abdulzahra"]
[Black "Cuvelier, Annelies"]
[Result "1/2-1/2"]
[WhiteTitle "WFM"]
[WhiteElo "1911"]
[BlackElo "1896"]
[WhiteTeam "Iraq"]
[BlackTeam "Belgium"]
[WhiteFideId "4804929"]
[BlackFideId "213950"]
[EventDate "2020.07.07"]
[EventType "team"]

1. e4 e5 2. Bc4 Nc6 3. Nf3 Bc5 4. O-O Nf6 5. d3 d6 6. h3 Be6 7. Bb3 Qe7 8. c3
Bxb3 9. axb3 O-O 10. Bg5 h6 11. Bh4 Bb6 12. Nh2 Qe6 13. Nd2 Ne7 14. Kh1 Ng6 15.
Bg3 Nf4 16. Bxf4 exf4 17. Qf3 g5 18. Nc4 Kg7 19. Rfe1 Nd7 20. d4 Rfe8 21. Qd1
Qg6 22. Nxb6 Nxb6 23. e5 dxe5 24. Rxe5 a6 25. Qe2 Rxe5 26. Qxe5+ Qf6 27. Qxc7
Qc6 28. Qxc6 bxc6 29. Ng4 a5 30. Ne5 a4 31. bxa4 Rxa4 32. Rxa4 Nxa4 33. Nxc6
Nxb2 34. Nb4 Kf6 35. Kg1 Ke6 36. Kf1 f5 37. Ke2 g4 38. Nd3 f3+ 39. gxf3 Nxd3 40.
fxg4 Nf4+ 41. Ke3 Nd5+ 42. Kd3 Nf4+ 43. Kc4 Nxh3 44. d5+ Kf6 45. gxf5 Ng5 46.
Kd4 Kxf5 47. c4 h5 48. d6 h4 49. d7 h3 50. Ke3 Nf7 51. Kf3 Ne5+ 52. Kg3 Nxd7 53.
Kxh3 Kf4 54. Kg2 Nc5 55. Kf1 Kf3 56. Kg1 Nd3 57. Kf1 Nxf2 58. c5 Ne4 59. c6 Nd6
60. Ke1 Ke4 61. Kd2 Kd5 62. Kc3 Kxc6 1/2-1/2

[Event "Online Olym Div3 C 2020"]
[Site "chess.com INT"]
[Date "2020.07.09"]
[Round "9.2"]
[Board "5"]
[White "Ahmed, Jaza Jamal"]
[Black "De Waele, Warre"]
[Result "1/2-1/2"]
[WhiteTitle "FM"]
[BlackTitle "FM"]
[WhiteElo "2242"]
[BlackElo "2238"]
[WhiteTeam "Iraq"]
[BlackTeam "Belgium"]
[WhiteFideId "4808509"]
[BlackFideId "241156"]
[EventDate "2020.07.07"]
[EventType "team"]

1. e4 c5 2. Nf3 d6 3. d4 cxd4 4. Nxd4 Nf6 5. Nc3 a6 6. Bg5 Nbd7 7. f4 Qc7 8. Qf3
b5 9. a3 Bb7 10. Bd3 g6 11. Bh4 Bg7 12. Bf2 O-O 13. O-O e5 14. Nde2 Rfe8 15. f5
d5 16. Ng3 Rac8 17. exd5 Nb6 18. Bxb6 Qxb6+ 19. Kh1 Rcd8 20. fxg6 fxg6 21. Nge4
Nxd5 22. Nxd5 Bxd5 23. Rae1 Qc6 24. Qe2 Rf8 25. h3 Rf4 26. g3 Rff8 27. Kh2 Qb6
28. b3 Qd4 29. Ng5 h6 30. Nf3 Bxf3 31. Rxf3 Rxf3 32. Qxf3 Rf8 33. Qe3 Qd6 34. a4
bxa4 35. bxa4 Qb4 36. Qe4 Rf2+ 37. Kg1 Qc5 38. Qe3 Qxe3 39. Rxe3 Rd2 40. Bxg6
Kf8 41. Rf3+ Kg8 42. Rd3 Re2 1/2-1/2

[Event "Online Olym Div3 C 2020"]
[Site "chess.com INT"]
[Date "2020.07.09"]
[Round "9.4"]
[Board "4"]
[White "Taweesupmun, Chanida"]
[Black "Sivarajasingam, Shayanna"]
[Result "1/2-1/2"]
[WhiteTitle "WCM"]
[BlackTitle "WCM"]
[WhiteElo "1604"]
[BlackElo "1818"]
[WhiteTeam "Thailand"]
[BlackTeam "Wales"]
[WhiteFideId "6200117"]
[BlackFideId "1802887"]
[EventDate "2020.07.07"]
[EventType "team"]

1. d4 d5 2. Nf3 Nf6 3. c4 e6 4. Nc3 Be7 5. Bf4 a6 6. e3 O-O 7. h3 dxc4 8. Bxc4
b5 9. Bd3 Bb7 10. O-O Nbd7 11. Rc1 c5 12. dxc5 Nxc5 13. Be2 Qb6 14. b4 Nce4 15.
Nxe4 Bxe4 16. Qb3 Nd5 17. Ne5 Qb7 18. Nc6 Nxf4 19. Nxe7+ Qxe7 20. exf4 Bd5 21.
Qb2 Qh4 22. Rc7 Qxf4 23. Rfc1 Qg5 24. Bf1 h6 25. a3 Rfd8 26. Qc3 Qf4 27. Re1 Qd6
28. Rc1 Rd7 29. Rc8+ Rxc8 30. Qxc8+ Rd8 31. Qc2 Kh8 32. Qc3 Qd7 33. Qe3 Kg8 34.
Rc5 Rc8 35. Qc3 Rc6 36. Qe3 Qd6 37. Qc3 Qd7 38. Qe3 Qd6 39. Qc3 Qd7 1/2-1/2